[Event "DVM U12 2017"]
[Site "Magdeburg GER"]
[Date "2017.12.27"]
[Round "1"]
[White "Behr, Julian"]
[Black "Marschall, Tillmann"]
[Result "0-1"]
[Termination "normal"]
[Board "3.3"]
[WhiteElo "1282"]
[BlackElo "1645"]
[WhiteClock "00:07:19"]
[BlackClock "00:37:02"]
[WhiteTeam "SC Landskrone"]
[BlackTeam "SG Trier"]
[PlyCount "116"]
[WhiteFideId "16255410"]
[BlackFideId "12973220"]
[EventCountry "GER"]
[EventRounds "7"]
[EventType "team-swiss"]
[EventDate "2017.12.26"]

1. e4 {[%clk 1:30:56]} c6 {[%clk 1:30:49]} 2. d4 {[%clk 1:29:28]} d5 {[%clk
1:30:52]} 3. exd5 {[%clk 1:27:27]} cxd5 {[%clk 1:31:12]} 4. Nc3 {[%clk
1:27:02]} Nc6 {[%clk 1:31:19]} 5. Bb5 {[%clk 1:24:38]} Nf6 {[%clk 1:28:55]} 6.
Nge2 {[%clk 1:23:52]} Bg4 {[%clk 1:28:27]} 7. f3 {[%clk 1:22:51]} Bf5 {[%clk
1:28:21]} 8. O-O {[%clk 1:22:52]} e6 {[%clk 1:28:43]} 9. Bg5 {[%clk 1:19:40]}
Bd6 {[%clk 1:25:39]} 10. Re1 {[%clk 1:17:29]} a6 {[%clk 1:24:46]} 11. Ba4
{[%clk 1:13:19]} b5 {[%clk 1:24:59]} 12. Bb3 {[%clk 1:09:43]} O-O {[%clk
1:15:44]} 13. Qd2 {[%clk 1:05:26]} Qc7 {[%clk 1:08:15]} 14. g3 {[%clk 0:58:28]}
Na5 {[%clk 1:02:47]} 15. Bxf6 {[%clk 0:50:45]} gxf6 {[%clk 1:02:46]} 16. Qh6
{[%clk 0:49:53]} Bg6 {[%clk 1:02:57]} 17. Qh4 {[%clk 0:46:37]} Kg7 {[%clk
1:02:04]} 18. Rac1 {[%clk 0:44:43]} Nc4 {[%clk 1:02:04]} 19. Bxc4 {[%clk
0:44:30]} Qxc4 {[%clk 0:59:06]} 20. b3 {[%clk 0:43:22]} Qc7 {[%clk 0:57:35]}
21. a4 {[%clk 0:42:40]} Bb4 {[%clk 0:56:03]} 22. Nf4 {[%clk 0:38:28]} Qxc3
{[%clk 0:55:06]} 23. Qg4 {[%clk 0:34:07]} Qxd4+ {[%clk 0:52:21]} 24. Kg2 {[%clk
0:32:53]} Qd2+ {[%clk 0:50:13]} 25. Kh1 {[%clk 0:31:18]} Kh8 {[%clk 0:47:23]}
26. Red1 {[%clk 0:25:32]} Qc3 {[%clk 0:45:05]} 27. Ne2 {[%clk 0:23:37]} Qe5
{[%clk 0:45:00]} 28. Ng1 {[%clk 0:20:02]} Ba3 {[%clk 0:44:52]} 29. Re1 {[%clk
0:19:09]} Qd6 {[%clk 0:42:54]} 30. Ra1 {[%clk 0:16:58]} Bb2 {[%clk 0:43:04]}
31. Ra2 {[%clk 0:16:25]} Bc3 {[%clk 0:43:19]} 32. Re3 {[%clk 0:16:02]} d4
{[%clk 0:43:31]} 33. Re2 {[%clk 0:15:21]} e5 {[%clk 0:40:34]} 34. Qh4 {[%clk
0:11:17]} Kg7 {[%clk 0:37:21]} 35. g4 {[%clk 0:09:42]} d3 {[%clk 0:36:37]} 36.
cxd3 {[%clk 0:09:17]} Qxd3 {[%clk 0:36:52]} 37. Kg2 {[%clk 0:08:04]} bxa4
{[%clk 0:35:54]} 38. Rxa4 {[%clk 0:07:22]} Rfd8 {[%clk 0:34:51]} 39. g5 {[%clk
0:06:10]} fxg5 {[%clk 0:33:31]} 40. Qxg5 {[%clk 0:06:19]} f6 {[%clk 0:32:45]}
41. Qg4 {[%clk 0:06:06]} Rd4 {[%clk 0:31:46]} 42. Rxd4 {[%clk 0:06:03]} Qxd4
{[%clk 0:31:41]} 43. Qxd4 {[%clk 0:05:49]} Bxd4 {[%clk 0:32:04]} 44. Re1 {[%clk
0:05:22]} Rc8 {[%clk 0:32:21]} 45. Ne2 {[%clk 0:05:20]} Rc2 {[%clk 0:32:42]}
46. Kg3 {[%clk 0:05:26]} Bc3 {[%clk 0:32:51]} 47. Nxc3 {[%clk 0:05:27]} Rxc3
{[%clk 0:33:12]} 48. Ra1 {[%clk 0:05:50]} Bd3 {[%clk 0:33:32]} 49. b4 {[%clk
0:05:42]} Rb3 {[%clk 0:34:00]} 50. f4 {[%clk 0:05:45]} exf4+ {[%clk 0:34:20]}
51. Kxf4 {[%clk 0:06:12]} Rxb4+ {[%clk 0:34:35]} 52. Ke3 {[%clk 0:06:37]} Bb5
{[%clk 0:34:53]} 53. Rg1+ {[%clk 0:06:49]} Kh6 {[%clk 0:35:14]} 54. Kf3 {[%clk
0:07:02]} Bc6+ {[%clk 0:35:37]} 55. Ke3 {[%clk 0:06:38]} a5 {[%clk 0:35:59]}
56. Kd3 {[%clk 0:06:55]} a4 {[%clk 0:36:20]} 57. Ra1 {[%clk 0:07:03]} f5 {[%clk
0:36:38]} 58. Kc3 {[%clk 0:07:19]} Rh4 {[%clk 0:37:02]} 0-1

[Event "DVM U12 2017"]
[Site "Magdeburg GER"]
[Date "2017.12.27"]
[Round "1"]
[White "La, Nhat Hao"]
[Black "Kinsky, Leonhard"]
[Result "1-0"]
[Termination "normal"]
[Board "3.4"]
[WhiteElo "1209"]
[BlackElo "1276"]
[WhiteClock "00:34:20"]
[BlackClock "00:42:42"]
[WhiteTeam "SG Trier"]
[BlackTeam "SC Landskrone"]
[PlyCount "73"]
[WhiteFideId "16255313"]
[BlackFideId "16255429"]
[EventCountry "GER"]
[EventRounds "7"]
[EventType "team-swiss"]
[EventDate "2017.12.26"]

1. e4 {[%clk 1:30:57]} e5 {[%clk 1:30:47]} 2. Nf3 {[%clk 1:31:17]} Nc6 {[%clk
1:31:05]} 3. Bc4 {[%clk 1:31:30]} Bc5 {[%clk 1:31:12]} 4. O-O {[%clk 1:31:23]}
d6 {[%clk 1:31:17]} 5. h3 {[%clk 1:31:02]} Nf6 {[%clk 1:30:25]} 6. Nc3 {[%clk
1:29:58]} O-O {[%clk 1:30:27]} 7. d3 {[%clk 1:28:40]} Nd4 {[%clk 1:28:56]} 8.
Bg5 {[%clk 1:26:00]} c6 {[%clk 1:25:40]} 9. Re1 {[%clk 1:20:35]} Re8 {[%clk
1:23:35]} 10. a3 {[%clk 1:17:16]} b5 {[%clk 1:19:17]} 11. Ba2 {[%clk 1:13:37]}
a5 {[%clk 1:16:10]} 12. Nxd4 {[%clk 1:08:41]} Bxd4 {[%clk 1:12:54]} 13. Qc1
{[%clk 1:05:15]} Qe7 {[%clk 1:07:48]} 14. Ne2 {[%clk 1:02:43]} Bc5 {[%clk
1:04:01]} 15. Qd2 {[%clk 0:57:40]} Be6 {[%clk 1:01:00]} 16. Bxe6 {[%clk
0:54:17]} Qxe6 {[%clk 1:00:50]} 17. b4 {[%clk 0:51:35]} Bb6 {[%clk 0:58:48]}
18. Rec1 {[%clk 0:47:34]} d5 {[%clk 0:53:52]} 19. Ng3 {[%clk 0:44:54]} Qd7
{[%clk 0:47:58]} 20. Bxf6 {[%clk 0:42:32]} gxf6 {[%clk 0:47:03]} 21. Nf5 {[%clk
0:41:25]} Kh8 {[%clk 0:45:22]} 22. Qh6 {[%clk 0:38:55]} Qxf5 {[%clk 0:44:39]}
23. exf5 {[%clk 0:39:10]} Rg8 {[%clk 0:44:06]} 24. Qxf6+ {[%clk 0:38:31]} Rg7
{[%clk 0:44:15]} 25. Re1 {[%clk 0:38:15]} Bd4 {[%clk 0:44:21]} 26. Rad1 {[%clk
0:37:50]} axb4 {[%clk 0:43:52]} 27. axb4 {[%clk 0:38:04]} Re8 {[%clk 0:43:35]}
28. Qxc6 {[%clk 0:35:08]} Rd8 {[%clk 0:42:38]} 29. c3 {[%clk 0:34:51]} Ba7
{[%clk 0:42:07]} 30. Ra1 {[%clk 0:34:38]} Bb8 {[%clk 0:42:02]} 31. Qb6 {[%clk
0:34:26]} Rgg8 {[%clk 0:41:56]} 32. Qf6+ {[%clk 0:34:30]} Rg7 {[%clk 0:42:05]}
33. Qxd8+ {[%clk 0:34:44]} Rg8 {[%clk 0:42:28]} 34. Qf6+ {[%clk 0:34:31]} Rg7
{[%clk 0:42:45]} 35. Re3 {[%clk 0:34:51]} Bc7 {[%clk 0:42:19]} 36. Ra8+ {[%clk
0:34:20]} Bd8 {[%clk 0:42:42]} 37. Rxd8# 1-0

[Event "DVM U12 2017"]
[Site "Magdeburg GER"]
[Date "2017.12.27"]
[Round "1"]
[White "Lutz, Ruben"]
[Black "Kraftsik, Christian"]
[Result "1/2-1/2"]
[Termination "normal"]
[Board "4.1"]
[WhiteElo "1964"]
[BlackElo "1607"]
[WhiteClock "00:13:08"]
[BlackClock "00:49:04"]
[WhiteTeam "USV TU Dresden"]
[BlackTeam "SC Vaterstetten"]
[PlyCount "91"]
[WhiteFideId "12975974"]
[BlackFideId "16242548"]
[EventCountry "GER"]
[EventRounds "7"]
[EventType "team-swiss"]
[EventDate "2017.12.26"]

1. d4 {[%clk 1:30:57]} Nf6 {[%clk 1:30:53]} 2. Nf3 {[%clk 1:31:21]} g6 {[%clk
1:31:17]} 3. Bg5 {[%clk 1:31:45]} Bg7 {[%clk 1:31:42]} 4. Nbd2 {[%clk 1:32:06]}
d6 {[%clk 1:32:04]} 5. c3 {[%clk 1:32:00]} h6 {[%clk 1:32:21]} 6. Bh4 {[%clk
1:32:06]} O-O {[%clk 1:32:31]} 7. e4 {[%clk 1:32:18]} c5 {[%clk 1:32:19]} 8.
dxc5 {[%clk 1:32:15]} dxc5 {[%clk 1:32:41]} 9. Bc4 {[%clk 1:32:17]} Nc6 {[%clk
1:32:46]} 10. Qe2 {[%clk 1:32:06]} Re8 {[%clk 1:32:01]} 11. O-O {[%clk
1:31:00]} e5 {[%clk 1:31:12]} 12. Rad1 {[%clk 1:26:39]} Be6 {[%clk 1:26:13]}
13. Bxe6 {[%clk 1:19:02]} Rxe6 {[%clk 1:25:44]} 14. Nc4 {[%clk 1:19:12]} Qc7
{[%clk 1:23:51]} 15. Bxf6 {[%clk 1:00:27]} Bxf6 {[%clk 1:23:20]} 16. Rd2 {[%clk
0:59:49]} Rd8 {[%clk 1:17:21]} 17. Rxd8+ {[%clk 0:57:28]} Qxd8 {[%clk 1:16:29]}
18. Rd1 {[%clk 0:56:26]} Qc7 {[%clk 1:16:01]} 19. Qd2 {[%clk 0:40:50]} Kg7
{[%clk 1:15:03]} 20. Ne3 {[%clk 0:38:09]} Qd8 {[%clk 1:04:49]} 21. Qxd8 {[%clk
0:34:07]} Bxd8 {[%clk 1:04:30]} 22. Rd5 {[%clk 0:30:28]} b6 {[%clk 1:03:45]}
23. Nc4 {[%clk 0:25:48]} Bf6 {[%clk 1:01:33]} 24. Rd7 {[%clk 0:23:22]} h5
{[%clk 0:56:54]} 25. Kf1 {[%clk 0:23:24]} Re8 {[%clk 0:49:44]} 26. Ke2 {[%clk
0:22:48]} Kf8 {[%clk 0:48:37]} 27. Rd6 {[%clk 0:15:52]} Re6 {[%clk 0:48:09]}
28. Rxe6 {[%clk 0:16:17]} fxe6 {[%clk 0:48:34]} 29. a4 {[%clk 0:15:52]} Ke7
{[%clk 0:47:46]} 30. g3 {[%clk 0:15:44]} Kd7 {[%clk 0:46:18]} 31. Ne1 {[%clk
0:14:38]} Bg5 {[%clk 0:45:26]} 32. Nd3 {[%clk 0:14:45]} Bf6 {[%clk 0:44:43]}
33. f4 {[%clk 0:14:35]} exf4 {[%clk 0:44:07]} 34. gxf4 {[%clk 0:10:51]} Ke7
{[%clk 0:43:25]} 35. Kf3 {[%clk 0:09:15]} Kd7 {[%clk 0:39:47]} 36. Kg3 {[%clk
0:05:10]} Ke7 {[%clk 0:38:27]} 37. Nd2 {[%clk 0:03:23]} Kd7 {[%clk 0:37:28]}
38. Nf3 {[%clk 0:03:09]} Ke7 {[%clk 0:35:36]} 39. Nh4 {[%clk 0:02:20]} Bxh4+
{[%clk 0:31:24]} 40. Kxh4 {[%clk 0:02:39]} Kf6 {[%clk 0:30:42]} 41. Kg3 {[%clk
0:00:37]} Kg7 {[%clk 0:22:45]} 42. Kf3 {[%clk 0:24:53]} Kf6 {[%clk 0:52:07]}
43. Ke3 {[%clk 0:21:42]} Kg7 {[%clk 0:50:44]} 44. b4 {[%clk 0:21:15]} cxb4
{[%clk 0:50:07]} 45. cxb4 {[%clk 0:21:38]} Kf6 {[%clk 0:49:04]} 46. b5 {[%clk
0:13:08]} 1/2-1/2

[Event "DVM U12 2017"]
[Site "Magdeburg GER"]
[Date "2017.12.27"]
[Round "1"]
[White "Lerchl, Clemens"]
[Black "Lutz, Adam"]
[Result "1-0"]
[Termination "normal"]
[Board "4.2"]
[WhiteElo "1547"]
[BlackElo "1775"]
[WhiteClock "00:34:35"]
[BlackClock "00:09:39"]
[WhiteTeam "SC Vaterstetten"]
[BlackTeam "USV TU Dresden"]
[PlyCount "120"]
[WhiteFideId "16226372"]
[BlackFideId "16226615"]
[EventCountry "GER"]
[EventRounds "7"]
[EventType "team-swiss"]
[EventDate "2017.12.26"]

1. e4 {[%clk 1:30:59]} c5 {[%clk 1:30:51]} 2. Nf3 {[%clk 1:31:26]} e6 {[%clk
1:31:10]} 3. d4 {[%clk 1:31:52]} cxd4 {[%clk 1:31:31]} 4. Nxd4 {[%clk 1:32:16]}
Nf6 {[%clk 1:31:56]} 5. Nc3 {[%clk 1:32:41]} d6 {[%clk 1:32:17]} 6. Bd3 {[%clk
1:33:06]} Be7 {[%clk 1:31:42]} 7. O-O {[%clk 1:33:30]} O-O {[%clk 1:32:03]} 8.
Kh1 {[%clk 1:33:20]} Nc6 {[%clk 1:32:26]} 9. Nxc6 {[%clk 1:33:44]} bxc6 {[%clk
1:32:46]} 10. f4 {[%clk 1:33:20]} Qc7 {[%clk 1:31:53]} 11. b3 {[%clk 1:30:10]}
Rd8 {[%clk 1:26:59]} 12. Bb2 {[%clk 1:29:04]} e5 {[%clk 1:25:38]} 13. Ne2
{[%clk 1:25:54]} Ng4 {[%clk 1:21:00]} 14. Qd2 {[%clk 1:22:38]} Qb6 {[%clk
1:18:50]} 15. Ng3 {[%clk 1:22:04]} Qe3 {[%clk 1:13:39]} 16. Qxe3 {[%clk
1:20:37]} Nxe3 {[%clk 1:14:04]} 17. Rfe1 {[%clk 1:19:07]} exf4 {[%clk 1:13:16]}
18. Nh5 {[%clk 1:18:13]} g6 {[%clk 0:57:58]} 19. Nf6+ {[%clk 1:14:35]} Bxf6
{[%clk 0:54:57]} 20. Bxf6 {[%clk 1:14:57]} Re8 {[%clk 0:53:58]} 21. Bg5 {[%clk
1:14:51]} Ng4 {[%clk 0:53:30]} 22. Bxf4 {[%clk 1:12:44]} Ne5 {[%clk 0:53:37]}
23. Rf1 {[%clk 1:07:13]} Bb7 {[%clk 0:50:15]} 24. Bxe5 {[%clk 1:06:08]} Rxe5
{[%clk 0:49:59]} 25. Bc4 {[%clk 1:04:08]} d5 {[%clk 0:48:57]} 26. exd5 {[%clk
1:04:29]} cxd5 {[%clk 0:49:19]} 27. Bd3 {[%clk 1:04:40]} Rae8 {[%clk 0:47:53]}
28. Kg1 {[%clk 1:03:04]} Kg7 {[%clk 0:46:34]} 29. Kf2 {[%clk 0:59:58]} d4
{[%clk 0:44:36]} 30. g3 {[%clk 0:58:06]} Rh5 {[%clk 0:41:25]} 31. Kg1 {[%clk
0:55:56]} Rhe5 {[%clk 0:35:41]} 32. Rf4 {[%clk 0:47:49]} Rd8 {[%clk 0:33:35]}
33. Kf2 {[%clk 0:45:31]} f5 {[%clk 0:29:01]} 34. Re1 {[%clk 0:42:35]} Rxe1
{[%clk 0:27:10]} 35. Kxe1 {[%clk 0:43:00]} h5 {[%clk 0:26:35]} 36. Kd2 {[%clk
0:40:46]} Kf6 {[%clk 0:26:06]} 37. c3 {[%clk 0:39:49]} dxc3+ {[%clk 0:23:59]}
38. Kxc3 {[%clk 0:40:11]} Rc8+ {[%clk 0:23:03]} 39. Rc4 {[%clk 0:39:54]} Rxc4+
{[%clk 0:22:22]} 40. Bxc4 {[%clk 0:39:36]} g5 {[%clk 0:22:16]} 41. Be2 {[%clk
0:35:23]} g4 {[%clk 0:21:12]} 42. Kd4 {[%clk 0:34:54]} Ke6 {[%clk 0:19:24]} 43.
Bc4+ {[%clk 0:35:01]} Kf6 {[%clk 0:18:35]} 44. Bd5 {[%clk 0:30:57]} Ba6 {[%clk
0:14:49]} 45. a4 {[%clk 0:30:52]} Bc8 {[%clk 0:14:18]} 46. b4 {[%clk 0:30:34]}
Be6 {[%clk 0:11:27]} 47. Bxe6 {[%clk 0:30:17]} Kxe6 {[%clk 0:11:46]} 48. b5
{[%clk 0:30:42]} Kd6 {[%clk 0:12:02]} 49. a5 {[%clk 0:30:48]} f4 {[%clk
0:08:35]} 50. gxf4 {[%clk 0:30:58]} h4 {[%clk 0:09:00]} 51. Ke3 {[%clk
0:31:07]} g3 {[%clk 0:08:09]} 52. hxg3 {[%clk 0:31:27]} hxg3 {[%clk 0:08:29]}
53. Kf3 {[%clk 0:31:50]} Kc5 {[%clk 0:08:32]} 54. b6 {[%clk 0:32:13]} axb6
{[%clk 0:08:58]} 55. axb6 {[%clk 0:32:38]} Kxb6 {[%clk 0:09:26]} 56. Kxg3
{[%clk 0:33:02]} Kc7 {[%clk 0:09:23]} 57. Kg4 {[%clk 0:33:27]} Kd7 {[%clk
0:09:47]} 58. Kf5 {[%clk 0:33:50]} Ke7 {[%clk 0:09:51]} 59. Kg6 {[%clk
0:34:11]} Ke6 {[%clk 0:09:39]} 60. f5+ {[%clk 0:34:35]} Kd5 1-0

[Event "DVM U12 2017"]
[Site "Magdeburg GER"]
[Date "2017.12.27"]
[Round "1"]
[White "Günther, Fabian"]
[Black "Röll, Lea"]
[Result "1/2-1/2"]
[Termination "normal"]
[Board "4.3"]
[WhiteElo "1404"]
[BlackElo "1208"]
[WhiteClock "00:54:23"]
[BlackClock "00:48:40"]
[WhiteTeam "USV TU Dresden"]
[BlackTeam "SC Vaterstetten"]
[PlyCount "73"]
[WhiteFideId "16240294"]
[BlackFideId "16255437"]
[EventCountry "GER"]
[EventRounds "7"]
[EventType "team-swiss"]
[EventDate "2017.12.26"]

1. d4 {[%clk 1:30:59]} c6 {[%clk 1:30:50]} 2. c4 {[%clk 1:31:24]} d5 {[%clk
1:31:15]} 3. Nc3 {[%clk 1:31:34]} Nf6 {[%clk 1:31:20]} 4. Nf3 {[%clk 1:31:48]}
Bf5 {[%clk 1:29:14]} 5. e3 {[%clk 1:31:47]} e6 {[%clk 1:29:07]} 6. Bd2 {[%clk
1:31:02]} Be7 {[%clk 1:28:52]} 7. Be2 {[%clk 1:30:52]} O-O {[%clk 1:28:59]} 8.
O-O {[%clk 1:31:16]} Nbd7 {[%clk 1:28:35]} 9. c5 {[%clk 1:30:28]} b6 {[%clk
1:27:23]} 10. b4 {[%clk 1:30:07]} b5 {[%clk 1:26:11]} 11. a4 {[%clk 1:28:53]}
a6 {[%clk 1:23:13]} 12. axb5 {[%clk 1:28:38]} axb5 {[%clk 1:23:13]} 13. Rxa8
{[%clk 1:28:56]} Qxa8 {[%clk 1:23:36]} 14. Qa1 {[%clk 1:29:12]} h6 {[%clk
1:21:12]} 15. h3 {[%clk 1:26:44]} Rb8 {[%clk 1:11:36]} 16. Qb2 {[%clk 1:20:38]}
Rb7 {[%clk 1:11:13]} 17. Ra1 {[%clk 1:20:57]} Ra7 {[%clk 1:11:19]} 18. Rxa7
{[%clk 1:21:16]} Qxa7 {[%clk 1:11:41]} 19. Qa2 {[%clk 1:21:39]} Qxa2 {[%clk
1:11:33]} 20. Nxa2 {[%clk 1:22:02]} Ne4 {[%clk 1:10:03]} 21. Be1 {[%clk
1:21:35]} f6 {[%clk 1:09:04]} 22. Bd3 {[%clk 1:21:12]} g5 {[%clk 1:05:09]} 23.
Nc1 {[%clk 1:16:21]} Nb8 {[%clk 1:02:52]} 24. Nd2 {[%clk 1:15:57]} Na6 {[%clk
1:02:13]} 25. Nxe4 {[%clk 1:15:33]} dxe4 {[%clk 1:01:45]} 26. Bb1 {[%clk
1:15:17]} Bd8 {[%clk 1:00:43]} 27. Ba2 {[%clk 1:14:21]} Kf7 {[%clk 1:00:33]}
28. Kf1 {[%clk 1:12:27]} Bc7 {[%clk 0:58:58]} 29. g4 {[%clk 1:03:20]} Bh7
{[%clk 0:58:28]} 30. Bb1 {[%clk 1:02:50]} f5 {[%clk 0:58:24]} 31. f3 {[%clk
1:01:18]} exf3 {[%clk 0:54:44]} 32. gxf5 {[%clk 1:00:31]} exf5 {[%clk 0:54:27]}
33. Kf2 {[%clk 0:59:54]} Bg6 {[%clk 0:54:13]} 34. Kxf3 {[%clk 0:59:32]} h5
{[%clk 0:53:31]} 35. e4 {[%clk 0:58:13]} f4 {[%clk 0:51:46]} 36. Ne2 {[%clk
0:54:52]} Ke7 {[%clk 0:48:40]} 37. Bc2 {[%clk 0:54:23]} 1/2-1/2

[Event "DVM U12 2017"]
[Site "Magdeburg GER"]
[Date "2017.12.27"]
[Round "1"]
[White "Karpen, Jakob"]
[Black "Pfefferkorn, Paul"]
[Result "1-0"]
[Termination "normal"]
[Board "4.4"]
[WhiteElo "1118"]
[BlackElo "1152"]
[WhiteClock "01:19:43"]
[BlackClock "01:16:08"]
[WhiteTeam "SC Vaterstetten"]
[BlackTeam "USV TU Dresden"]
[PlyCount "105"]
[WhiteFideId "16255453"]
[BlackFideId "16255330"]
[EventCountry "GER"]
[EventRounds "7"]
[EventType "team-swiss"]
[EventDate "2017.12.26"]

1. e4 {[%clk 1:30:57]} e5 {[%clk 1:30:56]} 2. Nf3 {[%clk 1:31:21]} Nc6 {[%clk
1:31:18]} 3. d4 {[%clk 1:31:45]} exd4 {[%clk 1:31:38]} 4. Nxd4 {[%clk 1:32:08]}
Bc5 {[%clk 1:31:57]} 5. Be3 {[%clk 1:32:16]} Bb6 {[%clk 1:32:10]} 6. Bc4 {[%clk
1:31:37]} Nf6 {[%clk 1:32:16]} 7. Nc3 {[%clk 1:31:57]} O-O {[%clk 1:31:36]} 8.
O-O {[%clk 1:31:45]} Re8 {[%clk 1:30:29]} 9. Qd3 {[%clk 1:30:54]} Nb4 {[%clk
1:26:48]} 10. Bxf7+ {[%clk 1:28:02]} Kxf7 {[%clk 1:25:51]} 11. Qc4+ {[%clk
1:28:22]} d5 {[%clk 1:25:27]} 12. Qxb4 {[%clk 1:28:13]} c5 {[%clk 1:25:44]} 13.
Qa4 {[%clk 1:26:57]} cxd4 {[%clk 1:25:56]} 14. Bxd4 {[%clk 1:27:11]} dxe4
{[%clk 1:25:40]} 15. Bxf6 {[%clk 1:23:32]} Qxf6 {[%clk 1:23:48]} 16. Nxe4
{[%clk 1:23:41]} Qg6 {[%clk 1:23:22]} 17. Rfe1 {[%clk 1:22:51]} Bf5 {[%clk
1:22:26]} 18. Nc3 {[%clk 1:20:47]} Bh3 {[%clk 1:19:31]} 19. g3 {[%clk 1:20:46]}
Qc6 {[%clk 1:19:44]} 20. Qb3+ {[%clk 1:20:49]} Kf8 {[%clk 1:19:27]} 21. Nd5
{[%clk 1:19:07]} Be6 {[%clk 1:19:42]} 22. Nb4 {[%clk 1:18:34]} Bxb3 {[%clk
1:19:44]} 23. Nxc6 {[%clk 1:18:54]} Bxc2 {[%clk 1:19:24]} 24. Nb4 {[%clk
1:19:05]} Ba5 {[%clk 1:17:55]} 25. Rxe8+ {[%clk 1:19:19]} Rxe8 {[%clk 1:18:11]}
26. Nxc2 {[%clk 1:19:46]} Re2 {[%clk 1:18:23]} 27. b4 {[%clk 1:19:33]} Bb6
{[%clk 1:18:31]} 28. Ne3 {[%clk 1:19:47]} Bxe3 {[%clk 1:18:15]} 29. fxe3 {[%clk
1:20:06]} Rxe3 {[%clk 1:18:40]} 30. Rc1 {[%clk 1:20:16]} Re8 {[%clk 1:18:29]}
31. Rc7 {[%clk 1:20:38]} Re7 {[%clk 1:18:53]} 32. Rc4 {[%clk 1:20:27]} Ke8
{[%clk 1:19:10]} 33. a4 {[%clk 1:20:17]} Kd8 {[%clk 1:19:26]} 34. h4 {[%clk
1:20:15]} Kd7 {[%clk 1:19:31]} 35. Kh2 {[%clk 1:20:30]} Re2+ {[%clk 1:19:14]}
36. Kh3 {[%clk 1:20:54]} h5 {[%clk 1:19:36]} 37. Rc5 {[%clk 1:21:02]} g6 {[%clk
1:19:45]} 38. Rg5 {[%clk 1:21:19]} Rb2 {[%clk 1:20:06]} 39. b5 {[%clk 1:21:08]}
Ra2 {[%clk 1:20:25]} 40. Rxg6 {[%clk 1:20:53]} Rxa4 {[%clk 1:20:43]} 41. Rh6
{[%clk 1:20:18]} a6 {[%clk 1:19:44]} 42. Rxh5 {[%clk 1:20:33]} Ra5 {[%clk
1:20:04]} 43. Rh7+ {[%clk 1:19:25]} Kc8 {[%clk 1:19:06]} 44. bxa6 {[%clk
1:18:57]} bxa6 {[%clk 1:19:15]} 45. h5 {[%clk 1:19:14]} Rg5 {[%clk 1:19:29]}
46. Kh4 {[%clk 1:19:09]} Re5 {[%clk 1:17:30]} 47. Ra7 {[%clk 1:19:16]} Re6
{[%clk 1:16:36]} 48. g4 {[%clk 1:19:22]} Kd8 {[%clk 1:16:46]} 49. Rh7 {[%clk
1:19:35]} a5 {[%clk 1:16:10]} 50. h6 {[%clk 1:19:29]} a4 {[%clk 1:16:30]} 51.
Kh5 {[%clk 1:19:38]} Re5+ {[%clk 1:16:04]} 52. g5 {[%clk 1:19:37]} Ke8 {[%clk
1:16:08]} 53. Ra7 {[%clk 1:19:43]} 1-0

[Event "DVM U12 2017"]
[Site "Magdeburg GER"]
[Date "2017.12.27"]
[Round "1"]
[White "Toval, David"]
[Black "Gallasch, Jonas"]
[Result "1/2-1/2"]
[Termination "normal"]
[Board "5.1"]
[WhiteElo "1798"]
[BlackElo "1877"]
[WhiteClock "00:22:24"]
[BlackClock "00:59:29"]
[WhiteTeam "SK Münster"]
[BlackTeam "SG Porz"]
[PlyCount "102"]
[WhiteFideId "12992755"]
[BlackFideId "16222474"]
[EventCountry "GER"]
[EventRounds "7"]
[EventType "team-swiss"]
[EventDate "2017.12.26"]

1. e4 {[%clk 1:30:58]} c6 {[%clk 1:30:53]} 2. d4 {[%clk 1:31:18]} d5 {[%clk
1:31:15]} 3. exd5 {[%clk 1:31:39]} cxd5 {[%clk 1:31:39]} 4. Bd3 {[%clk
1:31:58]} Nc6 {[%clk 1:32:02]} 5. c3 {[%clk 1:32:23]} Qc7 {[%clk 1:32:24]} 6.
h3 {[%clk 1:32:27]} Nf6 {[%clk 1:31:23]} 7. Nf3 {[%clk 1:32:29]} g6 {[%clk
1:27:29]} 8. O-O {[%clk 1:32:19]} Bf5 {[%clk 1:26:25]} 9. Bxf5 {[%clk 1:29:26]}
gxf5 {[%clk 1:26:41]} 10. Qd3 {[%clk 1:27:21]} e6 {[%clk 1:25:35]} 11. Re1
{[%clk 1:19:58]} Ne4 {[%clk 1:23:11]} 12. Ne5 {[%clk 1:15:05]} Nxe5 {[%clk
1:21:08]} 13. dxe5 {[%clk 1:14:54]} Bc5 {[%clk 1:19:14]} 14. Be3 {[%clk
1:13:42]} Qb6 {[%clk 1:18:55]} 15. Bxc5 {[%clk 1:00:42]} Qxc5 {[%clk 1:16:06]}
16. Qd4 {[%clk 1:00:54]} Qxd4 {[%clk 1:14:37]} 17. cxd4 {[%clk 1:01:13]} Rc8
{[%clk 1:14:43]} 18. Na3 {[%clk 1:00:38]} a6 {[%clk 1:14:28]} 19. Rad1 {[%clk
0:59:02]} b5 {[%clk 1:13:40]} 20. h4 {[%clk 0:59:06]} Rg8 {[%clk 1:13:35]} 21.
Re2 {[%clk 0:49:38]} f4 {[%clk 1:04:52]} 22. Rc2 {[%clk 0:42:31]} Kd7 {[%clk
1:03:39]} 23. Rdc1 {[%clk 0:41:41]} Nd2 {[%clk 0:59:18]} 24. Rxc8 {[%clk
0:40:54]} Rxc8 {[%clk 0:59:42]} 25. Rxc8 {[%clk 0:40:58]} Kxc8 26. b4 {[%clk
0:33:33]} Kd7 {[%clk 0:57:22]} 27. f3 {[%clk 0:29:26]} Ke7 {[%clk 0:55:34]} 28.
Nc2 {[%clk 0:18:33]} Nc4 {[%clk 0:55:26]} 29. Ne1 {[%clk 0:18:14]} Nb2 {[%clk
0:55:49]} 30. Kf2 {[%clk 0:15:13]} f6 {[%clk 0:56:02]} 31. g4 {[%clk 0:14:15]}
fxg3+ {[%clk 0:54:35]} 32. Kxg3 {[%clk 0:14:27]} fxe5 {[%clk 0:52:28]} 33. dxe5
{[%clk 0:14:45]} Kf7 {[%clk 0:52:34]} 34. Kg4 {[%clk 0:13:11]} Kg6 {[%clk
0:47:02]} 35. h5+ {[%clk 0:11:37]} Kg7 {[%clk 0:46:42]} 36. Nc2 {[%clk
0:08:24]} Nd3 {[%clk 0:46:41]} 37. f4 {[%clk 0:07:56]} h6 38. a3 Kf7 {[%clk
0:43:05]} 39. Nd4 {[%clk 0:03:35]} Ke7 {[%clk 0:35:36]} 40. Nb3 {[%clk
0:01:56]} Nb2 {[%clk 0:33:48]} 41. Nd2 {[%clk 0:00:37]} Nc4 {[%clk 0:32:14]}
42. Nxc4 {[%clk 0:21:56]} dxc4 {[%clk 1:00:02]} 43. Kf3 {[%clk 0:22:17]} Kd7
{[%clk 0:59:12]} 44. Ke4 {[%clk 0:21:48]} Kc7 {[%clk 0:59:25]} 45. Ke3 {[%clk
0:21:47]} Kb6 {[%clk 0:58:41]} 46. Ke4 {[%clk 0:22:10]} Kc7 {[%clk 0:58:39]}
47. Ke3 {[%clk 0:22:16]} Kc6 {[%clk 0:59:05]} 48. Kd4 {[%clk 0:22:38]} Kd7
{[%clk 0:58:50]} 49. Ke4 {[%clk 0:21:48]} Kc7 {[%clk 0:59:07]} 50. Ke3 {[%clk
0:22:01]} Kc6 {[%clk 0:59:29]} 51. Kd4 {[%clk 0:22:24]} Kd7 1/2-1/2